| 000 | 00509nam a22001217a 4500 | ||
|---|---|---|---|
| 005 | 20250812161420.0 | ||
| 100 | _aOkuyama M | ||
| 245 | 0 | _aFuture development of the tire industries and their impact on natural rubber market | |
| 260 | _bProceedings of the International Rubber Marketing Conference 1996 held in Phuket, 11-13 April.roceedings of the International Rubber Marketing Conference 1996 held in Phuket, 11-13 April.p53-61 | ||
| 650 | _aNatural rubber market | ||
| 650 | _aTire industries | ||
| 942 | _cJS | ||
| 999 |
_c59691 _d59691 |
||